| 000 | 00567nam a22001937i 4500 | ||
|---|---|---|---|
| 999 |
_c23595 _d23595 |
||
| 003 | AR-CdUCM | ||
| 008 | 260406b20102010 pe||||| |||| 00| 0 spa d | ||
| 020 | _a978-84-9895-748-8 | ||
| 040 |
_aMUNICIPALIDAD PROVINCIAL DEL CUSCO _cBIBLIOTECA MUNICIPAL DEL CUSCO |
||
| 041 | _hspa | ||
| 082 |
_23°edición _a841 _bB28 |
||
| 100 |
_aBaudelaire, Charles _95689 |
||
| 245 | _aLas flores del mal / | ||
| 260 |
_aMadrid-España : _bVisor Libros _c2022 |
||
| 300 |
_a544 páginas. : _c19x13 cm. |
||
| 505 | _aLas Flores | ||
| 942 |
_2ddc _cLIBROS |
||
| 945 |
_apbjr _d06-04-2026 |
||